LIBRARY & INFORMATION CENTRE, KCAET, TAVANUR

ONLINE PUBLIC ACCESS CATALOGUE (OPAC)

Udhyesadhishtitha Bodhanam / (Record no. 4630)

MARC details
000 -LEADER
fixed length control field 00309cam a2200109ua 4500
082 ## - DEWEY DECIMAL CLASSIFICATION NUMBER
Classification number 370.11
Item number STA/UD
100 ## - MAIN ENTRY--AUTHOR NAME
Personal name State Institute of Education, .
245 ## - TITLE STATEMENT
Title Udhyesadhishtitha Bodhanam /
260 ## - PUBLICATION, DISTRIBUTION, ETC. (IMPRINT)
Place of publication Thiruvananthapuram :
Name of publisher State Instititute of Education ,
Year of publication 1983.
300 ## - PHYSICAL DESCRIPTION
Number of Pages 243 ; .
942 ## - ADDED ENTRY ELEMENTS (KOHA)
Koha item type Books
Holdings
Withdrawn status Lost status Damaged status Home library Current library Date acquired Full call number Accession Number Koha item type
      KAUAET KAUAET 07/04/2012 370.11 13271 Books
      KAUAET KAUAET 07/04/2012 370.11 13270 Books
free website counter